Design of multifunction effector of industrial robot for hybrid additive manufacturing
Saved in:
| Main Author: | |
|---|---|
| Other Authors: | |
| Format: | Manuscript Book |
| Language: | Slovak English |
| Published: |
2022
|
| Subjects: | |
| Online Access: | http://is.stuba.sk/zp/portal_zp.pl?podrobnosti=159270 |
| Tags: |
No Tags, Be the first to tag this record!
|
MARC
| LEADER | 00000ntm a22000003a 4500 | ||
|---|---|---|---|
| 001 | stuzp85793 | ||
| 003 | SK-STU | ||
| 005 | 20220611210549.1 | ||
| 007 | ta | ||
| 008 | 150427s2015----xo-----f-mn---000-0-slo-d | ||
| 040 | |a STU |b slo | ||
| 041 | 0 | |a eng | |
| 100 | 1 | |a Thoppu Muthunainar, Thoufiq Ahamed |u 020070 |4 aut |U SjF Strojnícka fakulta |T SjF Ústav výrobných systémov, enviromentálnej techniky a manažment kvality |X 105677 |U J0070 |Y 804 |7 105677 | |
| 242 | 0 | 1 | |a Návrh multifunkčného efektora priemyselného robota pre hybridnú aditívnu výrobu |y slo |
| 245 | 1 | 0 | |a Design of multifunction effector of industrial robot for hybrid additive manufacturing |
| 260 | |c 2022 | ||
| 650 | 4 | |a Hybridná výroba |2 slo | |
| 650 | 4 | |a Aditívna výroba |2 slo | |
| 650 | 4 | |a Frézovanie |2 slo | |
| 650 | 4 | |a Zváranie |2 slo | |
| 650 | 4 | |a Koncový efektor |2 slo | |
| 650 | 4 | |a End effector |2 eng | |
| 650 | 4 | |a Hybrid manufacturing |2 eng | |
| 650 | 4 | |a Additive manufacturing |2 eng | |
| 650 | 4 | |a Milling |2 eng | |
| 650 | 4 | |a Welding |2 eng | |
| 700 | 1 | |a Matúš, Miloš |u 020070 |k Z1 |4 ths |U SjF Strojnícka fakulta |T SjF Ústav výrobných systémov, enviromentálnej techniky a manažment kvality |X 21762 |U J0070 |Y 804 |7 21762 | |
| 856 | 4 | |u http://is.stuba.sk/zp/portal_zp.pl?podrobnosti=159270 | |
| 996 | |b 284J046975 |c J* 3475/DDP |l JJSK |s A |a 24 |w stuzp85793_0001 | ||